000 00361nam a22001577a 4500
003 OSt
005 20260309164627.0
008 260309b |||||||| |||| 00| 0 eng d
040 _cFLL
041 _aENG
_dENG
100 _aBHATIA, GAUTAM
245 _aINDIAN CONSTITUTION
260 _aHARYANA
_bHARPER COLLIN
_c2025
300 _a346
942 _2CC
_cTB
_n0
999 _c1714998
_d1714998